| 000 | 00351nam a2200121Ia 4500 | ||
|---|---|---|---|
| 008 | 180309s9999 xx 000 0 und d | ||
| 020 | _a440225299 | ||
| 100 | _aReich, Christopher | ||
| 245 |
_cPatterson, James _aNumbered account / |
||
| 260 |
_aCanada : _b1998 _cDell pub |
||
| 300 | _a753 pages | ||
| 650 | _aBanks and banking -- Switzerland -- Fiction | ||
| 999 |
_c356149 _d356149 |
||